|
|
|
|
| LEADER |
00000naa2a2200000 4500 |
| 001 |
346931 |
| 005 |
20231101035355.0 |
| 035 |
|
|
|a (RuTPU)RU\TPU\book\378816
|
| 035 |
|
|
|a RU\TPU\tpu\2251
|
| 090 |
|
|
|a 346931
|
| 100 |
|
|
|a 20211209d1922 k y0rusy50 ca
|
| 101 |
0 |
|
|a rus
|
| 102 |
|
|
|a RU
|
| 200 |
1 |
|
|a Годовой отчет о геологических работах в Иркутском угленосном бассейне в 1920 г
|f М. К. Коровин
|
| 463 |
|
1 |
|0 (RuTPU)RU\TPU\book\252392
|t Отчет о деятельности Сибирского отделения Геологического Комитета за 1920 год
|f Геологический комитет, Сибирское отделение (Сибгеолком) ; под ред. М. А. Усова
|v С. 54-61
|d 1922
|p 68 с.
|s Известия Сибирского отделения Геологического комитета ; Т. 2, вып. 6
|
| 610 |
1 |
|
|a геолого-географические науки
|
| 610 |
1 |
|
|a труды учёных ТПУ
|
| 700 |
|
1 |
|a Коровин
|b М. К.
|c российский геолог
|c профессор Томского технологического института
|f 1883-1956
|g Михаил Калинникович
|2 stltpush
|3 (RuTPU)RU\TPU\pers\13856
|
| 801 |
|
0 |
|a RU
|b 63413507
|c 20011210
|g PSBO
|
| 801 |
|
2 |
|a RU
|b 63413507
|c 20211209
|g PSBO
|
| 942 |
|
|
|c BK
|